00825nam a2200229 a 450000100100000000500170001000800410002702000150006804000250008308200160010810000290012424501110015325000150026426000390027930000340031850000340035270000250038670000380041104900090044995201200045899900170057800002190920200930011511.0100914s1980 mx ad r 000 0 spa d a9682400821 aDO-SdBNPbspacBNPHU axxxxbG647m1 aGoode, William J.94546510aMétodos de investigación social /cWilliam J. Goode , Paul K. Hatt ; traducción Ramón Palazón B. a11a reimp. aMéxico, D. F. :bTrillas,c1980. a469 p. :bil. diag. ;c23 cm. aIncluye índice analítico.1 aHatt, Paul K.9454661 aPalazón B., Ramónetr.945467 aBNGR 001054708MOaGRbGRcCTd2010-09-14iLF1l0oxxxx G647mp21909-10r2020-06-25w2020-06-25y4ZPréstamo en sala c21407d21407